Využívanie didaktickej techniky na VŠE

Gespeichert in:
Bibliographische Detailangaben
1. Verfasser: Chodasová, Alena
Weitere Verfasser: Pomšár, Zoltán
Format: Buch
Sprache:Slowakisch
Veröffentlicht: Bratislava VŠE 1980
Tags: Tag hinzufügen
Keine Tags, Fügen Sie das erste Tag hinzu!

MARC

LEADER 00000nam a2200000 4500
001 c142294
005 20181219131423.9
041 0 |a slo 
044 |a SK 
245 1 0 |a Využívanie didaktickej techniky na VŠE  |c Alena Chodasová, Zoltán Pomšár 
264 1 |a Bratislava  |b VŠE  |c 1980 
300 |a 100 s. 
100 1 |a Chodasová, Alena 
700 1 |a Pomšár, Zoltán